01090 a2200241 4500003000500000005001700005038001000022040000900032082001200041100003700053245014200090260003200232300001500264505018300279538002900462650002100491651001900512942001300531999001900544952010500563952009000668952009000758Nust20201112153121.0 asaima cNust a621.382 aSarwar, Sajjad (MSEE-16)935230 aVisual object trackig using powell's direct set method for object localization and kalman filter for occlusion handlingcSajjad Sarwar,  aRawalpindic2012bMCS, NUST axi, 57, p; aIntroduction (page-1) Literature review (page-6) Datasets (page-13) Proposed tracking algorithm (page-19) Rsults and analysis (page-32) Conclusion and future directions (page-49) aAlmirah No 69 Shelf No 2 aPG Thesis935000 aMSEE-16935231 cTHE2ddc c190565d190565 00102ddc40708NFICaMCSbMCSd2016-12-12l0o621.382 SARpMCSTEE-197r2016-12-08w2016-12-12yBK 00102ddc4070aCLbCLd2020-11-12l0o621.3pCL-T-1177r2020-11-12w2020-11-12yTHE 00102ddc4070aCLbCLd2020-11-13l0o621.3pCL-T-1052r2020-11-13w2020-11-13yTHE